Państwa produkujące najwięcej malin - Statystyki

Ogólne statystyki
  • Ten quiz został rozwiązany 139 razy
  • Średni wynik to 6 z 10
Statystyki odpowiedzi
Tony w tysiącach Odpowiedź % Poprawnych
116 Polska
97%
99 Stany Zjednoczone
90%
35 Ukraina
90%
166 Rosja
89%
44 Hiszpania
72%
130 Meksyk
55%
18 Portugalia
53%
127 Serbia
27%
27 Bośnia i Hercegowina
15%
20 Chile
15%
Nie znaleziono quizów pasujących do podanych kryteriów
Rozkład punktacji
Procent ludzi z każdym wynikiem
Percentyl według liczby udzielonych odpowiedzi
Twoja historia wyników
Nie rozwiązałeś tego quizu